banner koha

Carbamato de etila, acroleína e hidrocarbonetos policíclicos aromáticos: caracterização e quantificação em cachaças provenientes de cana-de-açúcar com adubação nitrogenada e acondicionadas em vidros e "bombonas" de Pead (Registro n. 75114)

MARC details
000 -LÍDER
campo de controle de tamanho fixo 01223nam a22003497a 4500
001 - NÚMERO DE CONTROLE
campo de controle BR2010005705
003 - IDENTIFICADOR DO NÚMERO DE CONTROLE
campo de controle BR-BrBNA
005 - DATA E HORÁRIO DA ÚLTIMA TRANSAÇÃO
campo de controle 20230928103433.0
007 - CAMPO FIXO DE DESCRIÇÃO FÍSICA--INFORMAÇÃO GERAL
campo de controle de tamanho fixo ta
008 - CAMPO DE DADOS FIXOS--INFORMAÇÃO GERAL
campo de controle de tamanho fixo 230509b bl.||||| |||| 00| 0 por d
040 ## - FONTE DA CATALOGAÇÃO
Instituição da catalogação original BR-BrBNA
Idioma da catalogação por
Instituição que transcreveu o registro Biblioteca Nacional de Agricultura
041 ## - CÓDIGO DE IDIOMA
Código do idioma do texto/trilha sonora ou título diferente (Por)
072 ## - CÓDIGO DE CATEGORIA DE ASSUNTO
Código de Categoria de Assunto Q03; Q04
Código do objeto 9924
090 ## - NÚMERO DE CHAMADA LOCAL
-- 9924 BR2010005705
100 1# - ENTRADA PRINCIPAL--NOME PESSOAL
Nome pessoal Machado, A.M. de R.
110 1# - ENTRADA PRINCIPAL--NOME CORPORATIVO
Nome corporativo ou nome da jurisdição Universidade Federal de Lavras, MG (Brasil)
Grau Universitário Tese (Doutorado)
245 1# - TÍTULO
Título Carbamato de etila, acroleína e hidrocarbonetos policíclicos aromáticos: caracterização e quantificação em cachaças provenientes de cana-de-açúcar com adubação nitrogenada e acondicionadas em vidros e "bombonas" de Pead
260 3# - PUBLICAÇÃO, DISTRIBUIÇÃO, ETC.
Local de publicação, distribuição, etc. Lavras, MG (Brasil):
Data da publicação, distribuição, etc. 2010.
300 ## - DESCRIÇÃO FÍSICA
Extensão 269 p.
500 ## - NOTA GERAL
Nota geral Summaries (Eng, Por); Several bibliography; 44 illus.; 20 tables
650 ## - ASSUNTO--TERMO TÓPICO
Cabeçalho tópico ou nome geográfico CACHAÇA
650 ## - ASSUNTO--TERMO TÓPICO
Cabeçalho tópico ou nome geográfico CANA DE AÇÚCAR
650 ## - ASSUNTO--TERMO TÓPICO
Cabeçalho tópico ou nome geográfico FERTILIZANTE NITROGENADO
650 ## - ASSUNTO--TERMO TÓPICO
Cabeçalho tópico ou nome geográfico HIDROCARBONETO
650 ## - ASSUNTO--TERMO TÓPICO
Cabeçalho tópico ou nome geográfico CARBONATO
650 ## - ASSUNTO--TERMO TÓPICO
Cabeçalho tópico ou nome geográfico CONTAMINAÇÃO
650 ## - ASSUNTO--TERMO TÓPICO
Cabeçalho tópico ou nome geográfico ANÁLISE QUANTITATIVA
650 ## - ASSUNTO--TERMO TÓPICO
Cabeçalho tópico ou nome geográfico PROPRIEDADE FÍSICO-QUÍMICA
650 ## - ASSUNTO--TERMO TÓPICO
Cabeçalho tópico ou nome geográfico ARMAZENAMENTO
909 ## -
-- 202309
-- Lucia
-- 55
-- Lucia Elande
942 ## - ELEMENTOS DE ENTRADA ADICIONADOS (KOHA)
Tipo de material Koha Livros
Exemplares
Situação do descarte Fonte da classificação ou esquema de arquivamento na estante Situação física Não pode ser emprestado Coleção Biblioteca de origem Biblioteca atual Total de empréstimos Número de telefone completo Código de barras Data de último acesso Número do exemplar Tipo de material Koha Situação das perdas Data de aquisição Fonte de aquisição
  Classificação AGRIS       Biblioteca Nacional de Agricultura - Binagri Biblioteca Nacional de Agricultura - Binagri   9924 BR2010005705 9924 BR2010005705 25/09/2023 01 Livros   2023-09-25 Portaria Interministerial nº 164/94

BINAGRI

Telefone: (61)3218-2567/2388/3357/2097 - binagri@agro.gov.br

Ministério da Agricultura e Pecuária , Esplanada dos Ministérios, Bloco D, Anexo B, Brasília/DF, CEP: 70.043-900